000 00783nam a2200193 a 4500
008 170301s2015 ||||||||||||||||| || u
020 _a9780323188197
050 _aRT 98 Nie
100 _aMcEwen, Melanie
245 1 0 _aCommunity/public health nursing: promoting the health of populations
_cBy Mary A. Nies [and] Melanie McEwen
250 _a6th ed.
260 _aSt. Louis Missouri:
_bElsevier Saunders
_c2015
300 _axxiv, 683p.: ill.
350 _a116.00
650 _aCOMMUNITY HEALTH NURSING--GREAT BRITAIN
650 _aPRIMARY HEALTH CARE--GREAT BRITAIN
700 _aNies, Mary A
995 _aMEDICAL LIBRARY OPEN ACCESS
_e903659
_FCBU-SCHOOL OF MEDICINE LIBRARY (Ndola)
_I116.00
_jRT 98 Nie
_M1
_UAVAILABLE
_WMar 7, 2017
_y903659
_ZMedical Library Open Access Collection
999 _c31098
_d31098